[Event "DEM U18w 2025"]
[Site "Willingen GER"]
[Date "2025.06.13"]
[Round "8"]
[White "Jacobasch, Ronja"]
[Black "Heidemann, Nora"]
[Result "0-1"]
[Termination "normal"]
[Board "1"]
[WhiteElo "1861"]
[BlackElo "1851"]
[WhiteClock "00:04:34"]
[BlackClock "00:32:27"]
[PlyCount "46"]
[WhiteFideId "34604340"]
[BlackFideId "34609253"]
[EventCountry "GER"]
[EventRounds "9"]
[EventType "swiss"]
[EventDate "2025.06.07"]

1. d4 {[%clk 01:30:54]} {[%emt 00:00:06]} Nf6 {[%clk 01:30:55]} {[%emt
00:00:05]} 2. Bf4 {[%clk 01:31:09]} {[%emt 00:00:14]} g6 {[%clk 01:31:21]}
{[%emt 00:00:05]} 3. Nc3 {[%clk 01:31:26]} {[%emt 00:00:14]} d5 {[%clk
01:31:46]} {[%emt 00:00:04]} 4. e3 {[%clk 01:31:48]} {[%emt 00:00:08]} Bg7
{[%clk 01:32:12]} {[%emt 00:00:05]} 5. h4 {[%clk 01:32:01]} {[%emt 00:00:16]}
h5 {[%clk 01:32:37]} {[%emt 00:00:05]} 6. Nf3 {[%clk 01:31:55]} {[%emt
00:00:36]} O-O {[%clk 01:32:17]} {[%emt 00:00:50]} 7. Qd2 {[%clk 01:31:12]}
{[%emt 00:01:13]} c5 {[%clk 01:30:15]} {[%emt 00:02:32]} 8. Ne5 {[%clk
01:26:25]} {[%emt 00:05:17]} cxd4 {[%clk 01:28:38]} {[%emt 00:02:07]} 9. exd4
{[%clk 01:25:15]} {[%emt 00:01:40]} Nc6 {[%clk 01:25:57]} {[%emt 00:03:10]} 10.
f3 {[%clk 01:15:53]} {[%emt 00:09:53]} Bf5 {[%clk 01:18:51]} {[%emt 00:07:36]}
11. Nxc6 {[%clk 01:09:15]} {[%emt 00:07:08]} bxc6 {[%clk 01:18:54]} {[%emt
00:00:27]} 12. Na4 {[%clk 01:06:09]} {[%emt 00:03:36]} Nd7 {[%clk 01:11:57]}
{[%emt 00:07:27]} 13. O-O-O {[%clk 00:56:45]} {[%emt 00:09:54]} e5 {[%clk
01:03:15]} {[%emt 00:09:12]} 14. Be3 {[%clk 00:51:19]} {[%emt 00:05:55]} Rb8
{[%clk 00:58:11]} {[%emt 00:05:34]} 15. Be2 {[%clk 00:46:21]} {[%emt 00:05:28]}
Qe7 {[%clk 00:49:58]} {[%emt 00:08:43]} 16. g4 {[%clk 00:39:09]} {[%emt
00:07:43]} hxg4 {[%clk 00:39:18]} {[%emt 00:11:09]} 17. fxg4 {[%clk 00:36:34]}
{[%emt 00:03:06]} Be4 {[%clk 00:36:56]} {[%emt 00:02:51]} 18. Rh2 {[%clk
00:34:39]} {[%emt 00:02:25]} Rb4 {[%clk 00:35:07]} {[%emt 00:02:19]} 19. Nc5
{[%clk 00:30:58]} {[%emt 00:04:12]} Nxc5 {[%clk 00:34:19]} {[%emt 00:01:18]}
20. dxc5 {[%clk 00:31:06]} {[%emt 00:00:21]} Rfb8 {[%clk 00:33:04]} {[%emt
00:01:45]} 21. b3 {[%clk 00:27:36]} {[%emt 00:04:00]} d4 {[%clk 00:32:46]}
{[%emt 00:00:48]} 22. Bh6 {[%clk 00:24:40]} {[%emt 00:03:27]} Qxc5 {[%clk
00:32:31]} {[%emt 00:00:45]} 23. Bxg7 {[%clk 00:04:34]} {[%emt 00:20:36]} Rxb3
{[%clk 00:32:27]} {[%emt 00:00:33]} 0-1

[Event "DEM U18w 2025"]
[Site "Willingen GER"]
[Date "2025.06.13"]
[Round "8"]
[White "Fock, Madiha"]
[Black "Bräutigam, Katerina"]
[Result "0-1"]
[Termination "normal"]
[Board "2"]
[BlackTitle "WFM"]
[WhiteElo "1830"]
[BlackElo "2095"]
[WhiteClock "00:03:26"]
[BlackClock "00:01:44"]
[PlyCount "82"]
[WhiteFideId "16253574"]
[BlackFideId "16242980"]
[EventCountry "GER"]
[EventRounds "9"]
[EventType "swiss"]
[EventDate "2025.06.07"]

1. e4 {[%clk 01:30:57]} {[%emt 00:00:02]} c6 {[%clk 01:30:57]} {[%emt
00:00:04]} 2. d4 {[%clk 01:31:21]} {[%emt 00:00:07]} d5 {[%clk 01:31:23]}
{[%emt 00:00:03]} 3. exd5 {[%clk 01:31:43]} {[%emt 00:00:08]} cxd5 {[%clk
01:31:48]} {[%emt 00:00:04]} 4. c4 {[%clk 01:32:05]} {[%emt 00:00:09]} Nf6
{[%clk 01:32:14]} {[%emt 00:00:04]} 5. Nc3 {[%clk 01:32:27]} {[%emt 00:00:07]}
e6 {[%clk 01:32:38]} {[%emt 00:00:06]} 6. Nf3 {[%clk 01:32:34]} {[%emt
00:00:23]} Bb4 {[%clk 01:32:54]} {[%emt 00:00:14]} 7. Bd3 {[%clk 01:32:41]}
{[%emt 00:00:23]} dxc4 {[%clk 01:32:55]} {[%emt 00:00:30]} 8. Bxc4 {[%clk
01:33:00]} {[%emt 00:00:10]} O-O {[%clk 01:31:02]} {[%emt 00:02:24]} 9. O-O
{[%clk 01:31:29]} {[%emt 00:02:00]} h6 {[%clk 01:28:17]} {[%emt 00:03:16]} 10.
Bf4 {[%clk 01:15:51]} {[%emt 00:16:09]} Bxc3 {[%clk 01:22:13]} {[%emt
00:06:34]} 11. bxc3 {[%clk 01:15:56]} {[%emt 00:00:24]} b6 {[%clk 01:17:09]}
{[%emt 00:05:33]} 12. Ne5 {[%clk 01:10:34]} {[%emt 00:05:53]} Bb7 {[%clk
01:10:01]} {[%emt 00:07:37]} 13. Re1 {[%clk 01:06:06]} {[%emt 00:04:58]} Nd5
{[%clk 01:01:19]} {[%emt 00:09:12]} 14. Bd2 {[%clk 00:57:10]} {[%emt 00:09:28]}
Qh4 {[%clk 00:45:19]} {[%emt 00:16:29]} 15. Qf3 {[%clk 00:51:47]} {[%emt
00:05:52]} Nc6 {[%clk 00:34:46]} {[%emt 00:11:03]} 16. Ng4 {[%clk 00:35:38]}
{[%emt 00:16:40]} Na5 {[%clk 00:22:43]} {[%emt 00:12:33]} 17. Re4 {[%clk
00:26:27]} {[%emt 00:09:41]} Nf4 {[%clk 00:15:39]} {[%emt 00:07:33]} 18. d5
{[%clk 00:16:41]} {[%emt 00:10:17]} exd5 {[%clk 00:03:04]} {[%emt 00:13:04]}
19. Rxf4 {[%clk 00:14:51]} {[%emt 00:02:20]} dxc4 {[%clk 00:03:18]} {[%emt
00:00:16]} 20. Qd1 {[%clk 00:14:56]} {[%emt 00:00:26]} f5 {[%clk 00:01:38]}
{[%emt 00:02:10]} 21. Ne5 {[%clk 00:12:43]} {[%emt 00:02:43]} Qg5 {[%clk
00:00:52]} {[%emt 00:01:16]} 22. Nf3 {[%clk 00:10:41]} {[%emt 00:02:32]} Qf6
{[%clk 00:00:39]} {[%emt 00:00:43]} 23. Nd4 {[%clk 00:09:56]} {[%emt 00:01:15]}
Be4 {[%clk 00:00:35]} {[%emt 00:00:34]} 24. f3 {[%clk 00:08:05]} {[%emt
00:02:20]} Bd3 {[%clk 00:00:52]} {[%emt 00:00:14]} 25. Nc2 {[%clk 00:06:32]}
{[%emt 00:02:03]} Nc6 {[%clk 00:00:40]} {[%emt 00:00:42]} 26. Ne1 {[%clk
00:06:12]} {[%emt 00:00:50]} Rad8 {[%clk 00:00:33]} {[%emt 00:00:37]} 27. Qa4
{[%clk 00:04:58]} {[%emt 00:01:44]} g5 {[%clk 00:00:37]} {[%emt 00:00:26]} 28.
Rxc4 {[%clk 00:05:17]} {[%emt 00:00:11]} Bxc4 {[%clk 00:01:01]} {[%emt
00:00:06]} 29. Qxc4+ {[%clk 00:05:44]} {[%emt 00:00:03]} Kh7 {[%clk 00:00:57]}
{[%emt 00:00:33]} 30. Be3 {[%clk 00:04:17]} {[%emt 00:01:58]} f4 {[%clk
00:00:35]} {[%emt 00:00:52]} 31. Bf2 {[%clk 00:04:07]} {[%emt 00:00:40]} Qg6
{[%clk 00:00:39]} {[%emt 00:00:25]} 32. Rc1 {[%clk 00:01:42]} {[%emt 00:02:55]}
Rd2 {[%clk 00:00:42]} {[%emt 00:00:27]} 33. a4 {[%clk 00:01:03]} {[%emt
00:01:10]} Re8 {[%clk 00:00:38]} {[%emt 00:00:34]} 34. Nc2 {[%clk 00:00:46]}
{[%emt 00:00:47]} Ree2 {[%clk 00:00:38]} {[%emt 00:00:29]} 35. Nd4 {[%clk
00:00:47]} {[%emt 00:00:31]} Rxf2 {[%clk 00:00:41]} {[%emt 00:00:25]} 36. Nxc6
{[%clk 00:01:15]} {[%emt 00:00:03]} Rxg2+ {[%clk 00:00:47]} {[%emt 00:00:23]}
37. Kh1 {[%clk 00:01:37]} {[%emt 00:00:09]} Rxh2+ {[%clk 00:01:03]} {[%emt
00:00:13]} 38. Kg1 {[%clk 00:02:06]} {[%emt 00:00:02]} Rh1+ {[%clk 00:00:41]}
{[%emt 00:00:52]} 39. Kxh1 {[%clk 00:02:31]} {[%emt 00:00:06]} Qh5+ {[%clk
00:01:07]} {[%emt 00:00:03]} 40. Kg1 {[%clk 00:02:57]} {[%emt 00:00:04]} Qh2+
{[%clk 00:01:30]} {[%emt 00:00:06]} 41. Kf1 {[%clk 00:03:26]} {[%emt 00:00:02]}
Qf2# {[%clk 00:01:44]} {[%emt 00:00:16]} 0-1

[Event "DEM U18w 2025"]
[Site "Willingen GER"]
[Date "2025.06.13"]
[Round "8"]
[White "Trunz, Michelle"]
[Black "Neumann, Helena"]
[Result "0-1"]
[Termination "normal"]
[Board "3"]
[WhiteTitle "WFM"]
[BlackTitle "WFM"]
[WhiteElo "2061"]
[BlackElo "2017"]
[WhiteClock "00:01:14"]
[BlackClock "00:29:23"]
[PlyCount "134"]
[WhiteFideId "16227980"]
[BlackFideId "16275365"]
[EventCountry "GER"]
[EventRounds "9"]
[EventType "swiss"]
[EventDate "2025.06.07"]

1. d4 {[%clk 01:30:59]} {[%emt 00:00:02]} Nf6 {[%clk 01:30:33]} {[%emt
00:00:27]} 2. c4 {[%clk 01:31:24]} {[%emt 00:00:05]} b6 {[%clk 01:31:00]}
{[%emt 00:00:02]} 3. Nc3 {[%clk 01:30:43]} {[%emt 00:01:11]} Bb7 {[%clk
01:31:26]} {[%emt 00:00:05]} 4. Nf3 {[%clk 01:30:13]} {[%emt 00:00:59]} d5
{[%clk 01:30:58]} {[%emt 00:00:59]} 5. Bf4 {[%clk 01:25:42]} {[%emt 00:05:00]}
e6 {[%clk 01:28:49]} {[%emt 00:02:39]} 6. e3 {[%clk 01:23:31]} {[%emt
00:02:42]} Nh5 {[%clk 01:26:02]} {[%emt 00:03:17]} 7. Bg5 {[%clk 01:19:49]}
{[%emt 00:04:11]} f6 {[%clk 01:26:07]} {[%emt 00:00:25]} 8. Ne5 {[%clk
01:05:24]} {[%emt 00:14:55]} g6 {[%clk 01:25:06]} {[%emt 00:01:31]} 9. Bd3
{[%clk 00:56:14]} {[%emt 00:09:40]} fxg5 {[%clk 01:15:29]} {[%emt 00:10:08]}
10. Nxg6 {[%clk 00:54:24]} {[%emt 00:02:20]} hxg6 {[%clk 01:15:46]} {[%emt
00:00:13]} 11. Bxg6+ {[%clk 00:54:44]} {[%emt 00:00:09]} Kd7 {[%clk 01:15:17]}
{[%emt 00:01:00]} 12. Bxh5 {[%clk 00:54:05]} {[%emt 00:01:08]} dxc4 {[%clk
01:12:08]} {[%emt 00:03:40]} 13. d5 {[%clk 00:51:10]} {[%emt 00:03:25]} exd5
{[%clk 01:03:54]} {[%emt 00:08:43]} 14. Nxd5 {[%clk 00:48:12]} {[%emt
00:03:29]} Kc8 {[%clk 01:02:26]} {[%emt 00:01:59]} 15. Bg4+ {[%clk 00:47:20]}
{[%emt 00:01:21]} Nd7 {[%clk 01:02:51]} {[%emt 00:00:05]} 16. Nf6 {[%clk
00:36:35]} {[%emt 00:11:15]} Bc6 {[%clk 01:02:23]} {[%emt 00:00:58]} 17. Nxd7
{[%clk 00:28:18]} {[%emt 00:08:46]} Bb4+ {[%clk 01:00:07]} {[%emt 00:02:46]}
18. Kf1 {[%clk 00:28:03]} {[%emt 00:00:44]} Bxd7 {[%clk 01:00:32]} {[%emt
00:00:06]} 19. Qd5 {[%clk 00:23:59]} {[%emt 00:04:33]} Rb8 {[%clk 00:56:33]}
{[%emt 00:04:29]} 20. Qxc4 {[%clk 00:22:59]} {[%emt 00:01:30]} Bd6 {[%clk
00:56:18]} {[%emt 00:00:45]} 21. Qa6+ {[%clk 00:19:30]} {[%emt 00:04:00]} Rb7
{[%clk 00:56:42]} {[%emt 00:00:06]} 22. Bf3 {[%clk 00:19:44]} {[%emt 00:00:15]}
c6 {[%clk 00:57:08]} {[%emt 00:00:04]} 23. Rc1 {[%clk 00:17:52]} {[%emt
00:02:23]} Kc7 {[%clk 00:54:34]} {[%emt 00:03:04]} 24. Ke2 {[%clk 00:11:38]}
{[%emt 00:06:44]} g4 {[%clk 00:50:00]} {[%emt 00:05:04]} 25. Be4 {[%clk
00:11:51]} {[%emt 00:00:16]} Qe7 {[%clk 00:49:00]} {[%emt 00:01:30]} 26. Rhd1
{[%clk 00:08:55]} {[%emt 00:03:27]} Rh6 {[%clk 00:43:39]} {[%emt 00:05:51]} 27.
Qc4 {[%clk 00:07:46]} {[%emt 00:01:38]} b5 {[%clk 00:40:30]} {[%emt 00:03:39]}
28. Qc2 {[%clk 00:05:05]} {[%emt 00:03:11]} Rb6 {[%clk 00:40:04]} {[%emt
00:00:57]} 29. a4 {[%clk 00:05:12]} {[%emt 00:00:23]} bxa4 {[%clk 00:36:41]}
{[%emt 00:03:53]} 30. Qxa4 {[%clk 00:05:01]} {[%emt 00:00:40]} Rxb2+ {[%clk
00:36:57]} {[%emt 00:00:13]} 31. Rc2 {[%clk 00:04:32]} {[%emt 00:01:00]} Rxc2+
{[%clk 00:36:39]} {[%emt 00:00:49]} 32. Bxc2 {[%clk 00:04:31]} {[%emt
00:00:31]} Bc5 {[%clk 00:35:01]} {[%emt 00:02:08]} 33. Qf4+ {[%clk 00:03:26]}
{[%emt 00:01:34]} Rd6 {[%clk 00:35:25]} {[%emt 00:00:06]} 34. Rb1 {[%clk
00:00:58]} {[%emt 00:02:59]} Qf6 {[%clk 00:34:17]} {[%emt 00:01:37]} 35. Qc4
{[%clk 00:01:01]} {[%emt 00:00:27]} Bb6 {[%clk 00:34:21]} {[%emt 00:00:26]} 36.
Be4 {[%clk 00:00:53]} {[%emt 00:00:39]} Bf5 {[%clk 00:34:12]} {[%emt 00:00:38]}
37. Rc1 {[%clk 00:00:57]} {[%emt 00:00:27]} Bxe4 38. Qxe4 {[%clk 00:01:25]}
Qb2+ {[%clk 00:34:34]} {[%emt 00:00:21]} 39. Rc2 {[%clk 00:01:12]} {[%emt
00:00:44]} Qb5+ {[%clk 00:35:00]} {[%emt 00:00:05]} 40. Rc4 {[%clk 00:00:41]}
{[%emt 00:01:01]} Qb2+ {[%clk 00:30:38]} {[%emt 00:04:51]} 41. Qc2 {[%clk
00:26:31]} {[%emt 00:04:40]} Qxc2+ {[%clk 00:55:57]} {[%emt 00:05:12]} 42. Rxc2
{[%clk 00:26:59]} {[%emt 00:00:01]} a5 {[%clk 00:56:19]} {[%emt 00:00:07]} 43.
Rc4 {[%clk 00:27:01]} {[%emt 00:00:29]} Rg6 {[%clk 00:56:16]} {[%emt 00:00:34]}
44. Kd3 {[%clk 00:24:29]} {[%emt 00:03:01]} c5 {[%clk 00:53:51]} {[%emt
00:02:56]} 45. f4 {[%clk 00:22:20]} {[%emt 00:02:37]} gxf3 {[%clk 00:49:03]}
{[%emt 00:05:19]} 46. gxf3 {[%clk 00:22:47]} {[%emt 00:00:03]} Rg2 {[%clk
00:48:09]} {[%emt 00:01:25]} 47. h4 {[%clk 00:22:31]} {[%emt 00:00:45]} Rh2
{[%clk 00:48:27]} {[%emt 00:00:12]} 48. Rg4 {[%clk 00:22:16]} {[%emt 00:00:45]}
Kc6 {[%clk 00:48:49]} {[%emt 00:00:08]} 49. Kc4 {[%clk 00:22:16]} {[%emt
00:00:30]} Rc2+ {[%clk 00:47:48]} {[%emt 00:01:31]} 50. Kd3 {[%clk 00:22:30]}
{[%emt 00:00:17]} Rc1 {[%clk 00:46:30]} {[%emt 00:01:47]} 51. Kd2 {[%clk
00:14:22]} {[%emt 00:08:38]} Rh1 {[%clk 00:46:01]} {[%emt 00:00:59]} 52. Kc3
{[%clk 00:12:22]} {[%emt 00:02:30]} Rh3 {[%clk 00:41:54]} {[%emt 00:04:37]} 53.
Kc4 {[%clk 00:12:04]} {[%emt 00:00:48]} Bc7 {[%clk 00:41:30]} {[%emt 00:00:54]}
54. Rg5 {[%clk 00:09:44]} {[%emt 00:02:51]} Rxh4+ {[%clk 00:41:31]} {[%emt
00:00:29]} 55. f4 {[%clk 00:09:22]} {[%emt 00:00:51]} Bd6 {[%clk 00:41:28]}
{[%emt 00:00:33]} 56. Rg6 {[%clk 00:08:25]} {[%emt 00:01:27]} a4 {[%clk
00:36:26]} {[%emt 00:05:32]} 57. Rg8 {[%clk 00:05:50]} {[%emt 00:03:05]} Rh3
{[%clk 00:34:18]} {[%emt 00:02:37]} 58. e4 {[%clk 00:05:44]} {[%emt 00:00:37]}
Rh4 {[%clk 00:34:26]} {[%emt 00:00:22]} 59. Ra8 {[%clk 00:04:21]} {[%emt
00:01:53]} Rxf4 {[%clk 00:29:45]} {[%emt 00:05:11]} 60. Ra6+ {[%clk 00:04:27]}
{[%emt 00:00:24]} Kc7 {[%clk 00:30:10]} {[%emt 00:00:06]} 61. Kd5 {[%clk
00:04:28]} {[%emt 00:00:28]} Rf1 {[%clk 00:28:26]} {[%emt 00:02:14]} 62. e5
{[%clk 00:00:49]} {[%emt 00:04:10]} Rd1+ {[%clk 00:28:31]} {[%emt 00:00:24]}
63. Ke6 {[%clk 00:01:04]} {[%emt 00:00:15]} Bxe5 {[%clk 00:28:23]} {[%emt
00:00:38]} 64. Kxe5 {[%clk 00:00:57]} {[%emt 00:00:37]} Rd4 {[%clk 00:28:49]}
{[%emt 00:00:04]} 65. Ra8 {[%clk 00:00:50]} {[%emt 00:00:37]} Kb6 {[%clk
00:29:11]} {[%emt 00:00:08]} 66. Rc8 {[%clk 00:00:54]} {[%emt 00:00:26]} a3
{[%clk 00:28:56]} {[%emt 00:00:45]} 67. Ra8 {[%clk 00:01:14]} {[%emt 00:00:10]}
Rd3 {[%clk 00:29:23]} {[%emt 00:00:03]} 0-1

[Event "DEM U18w 2025"]
[Site "Willingen GER"]
[Date "2025.06.13"]
[Round "8"]
[White "Fischer, Darja"]
[Black "Bursan, Ana-Maria"]
[Result "1-0"]
[Termination "normal"]
[Board "4"]
[WhiteElo "1965"]
[BlackElo "1894"]
[WhiteClock "00:05:19"]
[BlackClock "00:04:48"]
[PlyCount "67"]
[WhiteFideId "16240898"]
[BlackFideId "34620150"]
[EventCountry "GER"]
[EventRounds "9"]
[EventType "swiss"]
[EventDate "2025.06.07"]

1. d4 {[%clk 01:30:59]} {[%emt 13:12:59]} Nf6 {[%clk 01:30:55]} {[%emt
00:00:05]} 2. Nf3 {[%clk 01:31:15]} {[%emt 00:00:14]} c5 {[%clk 01:31:15]}
{[%emt 00:00:10]} 3. e3 {[%clk 01:31:07]} {[%emt 00:00:38]} e6 {[%clk
01:31:25]} {[%emt 00:00:20]} 4. c3 {[%clk 01:31:05]} {[%emt 00:00:33]} Nc6
{[%clk 01:30:49]} {[%emt 00:01:06]} 5. Bd3 {[%clk 01:30:53]} {[%emt 00:00:41]}
b6 {[%clk 01:27:32]} {[%emt 00:03:47]} 6. Nbd2 {[%clk 01:23:18]} {[%emt
00:08:05]} Bb7 {[%clk 01:22:56]} {[%emt 00:05:06]} 7. O-O {[%clk 01:19:11]}
{[%emt 00:04:37]} cxd4 {[%clk 01:15:21]} {[%emt 00:08:05]} 8. exd4 {[%clk
01:17:37]} {[%emt 00:02:04]} Qc7 {[%clk 01:06:39]} {[%emt 00:09:12]} 9. Re1
{[%clk 01:05:55]} {[%emt 00:12:12]} Be7 {[%clk 01:02:01]} {[%emt 00:05:08]} 10.
Ne4 {[%clk 00:48:41]} {[%emt 00:17:44]} Nxe4 {[%clk 00:51:20]} {[%emt
00:11:11]} 11. Bxe4 {[%clk 00:48:47]} {[%emt 00:00:24]} d5 {[%clk 00:39:30]}
{[%emt 00:12:20]} 12. Bd3 {[%clk 00:47:16]} {[%emt 00:02:01]} Bd6 {[%clk
00:35:45]} {[%emt 00:04:15]} 13. Bd2 {[%clk 00:38:38]} {[%emt 00:09:08]} Ne7
{[%clk 00:29:16]} {[%emt 00:07:00]} 14. Rc1 {[%clk 00:35:54]} {[%emt 00:03:14]}
h6 {[%clk 00:25:57]} {[%emt 00:03:48]} 15. Ne5 {[%clk 00:29:12]} {[%emt
00:07:12]} O-O {[%clk 00:19:29]} {[%emt 00:06:58]} 16. Qg4 {[%clk 00:24:23]}
{[%emt 00:05:19]} f5 {[%clk 00:17:43]} {[%emt 00:02:16]} 17. Qh5 {[%clk
00:23:26]} {[%emt 00:01:26]} Rf6 {[%clk 00:16:12]} {[%emt 00:02:01]} 18. Bf4
{[%clk 00:20:31]} {[%emt 00:03:25]} Bc6 {[%clk 00:14:44]} {[%emt 00:01:59]} 19.
h4 {[%clk 00:17:58]} {[%emt 00:03:03]} Be8 {[%clk 00:14:31]} {[%emt 00:00:42]}
20. Qf3 {[%clk 00:18:09]} {[%emt 00:00:19]} Ng6 {[%clk 00:13:56]} {[%emt
00:01:05]} 21. c4 {[%clk 00:14:58]} {[%emt 00:03:42]} Nxf4 {[%clk 00:09:15]}
{[%emt 00:05:11]} 22. Qxf4 {[%clk 00:14:21]} {[%emt 00:01:07]} dxc4 {[%clk
00:08:02]} {[%emt 00:01:43]} 23. Bxc4 {[%clk 00:13:32]} {[%emt 00:01:19]} Qb7
{[%clk 00:08:04]} {[%emt 00:00:27]} 24. Qe3 {[%clk 00:10:47]} {[%emt 00:03:15]}
Rd8 {[%clk 00:06:53]} {[%emt 00:01:41]} 25. Qb3 {[%clk 00:09:21]} {[%emt
00:01:57]} Bxe5 {[%clk 00:06:00]} {[%emt 00:01:23]} 26. Bxe6+ {[%clk 00:07:10]}
{[%emt 00:02:40]} Kh8 {[%clk 00:06:15]} {[%emt 00:00:15]} 27. Rxe5 {[%clk
00:06:56]} {[%emt 00:00:44]} Rg6 {[%clk 00:05:33]} {[%emt 00:01:13]} 28. d5
{[%clk 00:06:56]} {[%emt 00:00:31]} f4 {[%clk 00:05:19]} {[%emt 00:00:43]} 29.
Rce1 {[%clk 00:05:40]} {[%emt 00:01:46]} Bd7 {[%clk 00:05:02]} {[%emt
00:00:48]} 30. Bxd7 {[%clk 00:05:16]} {[%emt 00:00:53]} Rxd7 {[%clk 00:05:17]}
{[%emt 00:00:16]} 31. Qd3 {[%clk 00:05:04]} {[%emt 00:00:41]} Kh7 {[%clk
00:04:02]} {[%emt 00:01:44]} 32. h5 {[%clk 00:05:16]} {[%emt 00:00:19]} Rdd6
{[%clk 00:04:30]} {[%emt 00:00:02]} 33. Re6 {[%clk 00:04:51]} {[%emt 00:00:56]}
Rdxe6 {[%clk 00:04:48]} {[%emt 00:00:11]} 34. Rxe6 {[%clk 00:05:19]} {[%emt
00:00:01]} 1-0